| 000 | 01487cas a22003617a 4500 | ||
|---|---|---|---|
| 005 | 20220329143016.0 | ||
| 008 | 001017c1930 it qr pernn 0 1b1 d | ||
| 010 | _a90593 | ||
| 011 | _a91565 | ||
| 022 | _a0014-0902 | ||
| 035 | _a102124 | ||
| 245 | 0 | 0 |
_aEssenze Derivati Agrumari _c/per Stazione Sperimentale per le Industrie delle essenze e dei derivati dagli agrumi di Regio Calabria |
| 246 | _aEDA | ||
| 260 | 0 |
_aReggio Calabria, Italy: _b/per Stazione Sperimentale per le Industrie delle essenze e dei derivati dagli agrumi di Regio Calabria _c1930?- |
|
| 300 | _av. | ||
| 310 | _aTrimestral | ||
| 362 | _av.75 n.1,2005 | ||
| 590 |
_aBATCH-UPD _b10 _c20130110 _lUCH01 _h0643 |
||
| 590 |
_aBATCH-UPD _b10 _c20130410 _lUCH01 _h0327 |
||
| 590 |
_aBATCH-UPD _b10 _c20130410 _lUCH01 _h1642 |
||
| 590 |
_aBATCH-UPD _b10 _c20130914 _lUCH01 _h0959 |
||
| 590 |
_aCONVERSION _b10 _c20130109 _lUCH01 _h1350 |
||
| 650 | 0 | 4 |
_aCítricos _xInvestigación _xPublicaciones Periódicas. _924443 |
| 650 | 1 | 4 |
_aCítricos _xPublicaciones periódicas. _924461 |
| 866 | _av. 69 n. 4 (Dic. 1999) - v. 71 n. 4 (Dic. 2001) | ||
| 866 | _av. 72 n. 1 (Mar. 2002) - v. 72 n. 3 (Sep. 2002) | ||
| 866 | _av. 73 n. 1 (Mar. 2003) - v. 73 n. 3 (Sep. 2003) | ||
| 866 | _av. 74 n. 1 (Mar. 2004) - v. 74 n. 3 (Sep. 2004) | ||
| 866 | _av. 75 n. 1 (Mar. 2005) - v. 75 n. 3 (Sep. 2005) | ||
| 866 | _av. 76 n. 1 (Mar. 2006) | ||
| 901 | _aSE | ||
| 905 | _aAraceli Hernández Gómez. | ||
| 999 |
_c90593 _d90593 |
||